[Event "9th Nana Aleksandria Cup"]
[Site "Poti GEO"]
[Date "2014.07.13"]
[Round "1.1"]
[White "Chkhaidze, Nikoloz"]
[Black "Pantsulaia, Levan"]
[Result "1/2-1/2"]
[BlackTitle "GM"]
[WhiteElo "2182"]
[BlackElo "2591"]
[WhiteFideId "13601750"]
[BlackFideId "13602071"]
[EventDate "2014.07.13"]

1. Nf3 c5 2. c4 g6 3. d4 Bg7 4. Nc3 cxd4 5. Nxd4 Nc6 6. Nc2 d6 7. e4 Be6 8. Be2
Bxc3+ 9. bxc3 Nf6 10. f3 Qa5 11. Bd2 Qa4 12. Ne3 Qxd1+ 13. Rxd1 Rc8 14. Nd5 Nd7
15. Be3 b6 16. f4 Na5 17. Rd4 Bxd5 18. exd5 Rc7 19. Kd2 O-O 20. Rb1 Rfc8 21. Rb4
Nc5 22. g4 f6 23. h3 Kf7 24. Kc2 f5 25. Kd2 e5 26. dxe6+ Kxe6 27. Bf3 Nc6 28.
Bd5+ Kd7 29. Bxc6+ Rxc6 30. gxf5 gxf5 31. Rd5 Ne4+ 32. Kd3 Ke6 33. a4 a5 34.
Rxb6 Rxc4 35. Re5+ Kd7 36. Rb7+ Kc6 37. Rb6+ Kd7 38. Rb7+ Kc6 39. Rb6+ Kd7 40.
Rb7+ 1/2-1/2

[Event "9th Nana Aleksandria Cup"]
[Site "Poti GEO"]
[Date "2014.07.13"]
[Round "1.2"]
[White "Golod, Vitali"]
[Black "Mohammed, Arpak Worya"]
[Result "1-0"]
[WhiteTitle "GM"]
[BlackTitle "CM"]
[WhiteElo "2565"]
[BlackElo "2175"]
[WhiteFideId "2804140"]
[BlackFideId "4800060"]
[EventDate "2014.07.13"]

1. d4 d5 2. c4 c6 3. Nf3 Nf6 4. e3 g6 5. Nc3 Bg7 6. Be2 O-O 7. O-O a6 8. Bd2 b5
9. cxd5 cxd5 10. Ne5 Bb7 11. Nd3 Nbd7 12. a4 Ne4 13. axb5 Nxc3 14. Bxc3 axb5 15.
Qb3 Qb6 16. Nf4 e6 17. Qxb5 Bc6 18. Qxb6 Nxb6 19. Bb4 Rfb8 20. Bd6 Rxa1 21. Rxa1
Ra8 22. Rxa8+ Bxa8 23. b3 Bc6 24. Kf1 Bf8 25. Bxf8 Kxf8 26. Ke1 Ke7 27. Kd2 Kd6
28. Kc3 f6 29. Kb4 e5 30. Nd3 Nd7 31. Ka5 e4 32. Nc1 Kc7 33. b4 Nb6 34. b5 Bb7
35. Nb3 Bc8 36. Nc5 f5 37. h4 h6 38. g3 g5 39. h5 Na8 40. Na4 Bb7 41. b6+ Kd6
42. Nc5 1-0

[Event "9th Nana Aleksandria Cup"]
[Site "Poti GEO"]
[Date "2014.07.13"]
[Round "1.3"]
[White "Basencyan, Mark"]
[Black "Rasulov, Vugar"]
[Result "1/2-1/2"]
[BlackTitle "GM"]
[WhiteElo "2170"]
[BlackElo "2521"]
[WhiteFideId "13300725"]
[BlackFideId "13402390"]
[EventDate "2014.07.13"]

1. d4 Nf6 2. c4 c5 3. d5 e6 4. Nc3 exd5 5. cxd5 d6 6. Nf3 g6 7. e4 Bg7 8. Bd3
O-O 9. O-O Bg4 10. h3 Bxf3 11. Qxf3 Nbd7 12. Bf4 Ne8 13. Qe2 Rc8 14. Bg3 Qa5 15.
Nd1 a6 16. a4 b5 17. Ne3 c4 18. Bb1 Nc5 19. Ra2 Nxa4 20. f4 Qb6 21. Bf2 Qb7 22.
Rxa4 bxa4 23. Nxc4 Qb4 24. Bd3 Nc7 25. Nb6 Rb8 26. Nd7 Qxb2 27. Nxb8 Qxe2 28.
Bxe2 Rxb8 29. e5 Nxd5 30. exd6 a3 31. Bc4 Nc3 32. d7 a2 33. Bh4 Bd4+ 34. Kh2 Bb6
35. Bf6 Ne4 36. Be5 Rd8 37. Re1 Nc5 38. Bf6 Rf8 39. Be7 Nxd7 40. Bxf8 Kxf8 41.
Ra1 a5 42. Rxa2 Bc7 43. g3 f6 44. Kg2 Nc5 45. Kf3 Ke7 46. Re2+ Kf8 47. g4 h6 48.
Bb5 f5 49. Re8+ Kf7 50. Rc8 Bd6 51. Ra8 Kf6 52. gxf5 gxf5 53. h4 Nb3 54. Ke3
Bc5+ 55. Kd3 Bd6 56. Kc4 Nd2+ 57. Kd5 Ne4 58. Ra6 Ke7 59. Bd3 Nf6+ 60. Kd4 Bxf4
61. Rxa5 Bg3 62. h5 1/2-1/2

[Event "9th Nana Aleksandria Cup"]
[Site "Poti GEO"]
[Date "2014.07.13"]
[Round "1.4"]
[White "Quparadze, Giga"]
[Black "Ghvamberia, Nika"]
[Result "1-0"]
[WhiteTitle "IM"]
[WhiteElo "2504"]
[BlackElo "2147"]
[WhiteFideId "13602250"]
[BlackFideId "13602128"]
[EventDate "2014.07.13"]

1. e4 c5 2. Nf3 e6 3. d4 cxd4 4. Nxd4 a6 5. Bd3 Qc7 6. O-O Nf6 7. Qe2 d6 8. c4
Be7 9. Nc3 Nbd7 10. Bc2 O-O 11. Kh1 b6 12. Bg5 Bb7 13. Rac1 Rac8 14. b3 Rfe8 15.
Bb1 Qb8 16. Rfe1 Bf8 17. f4 g6 18. Qd2 Bg7 19. Re2 h6 20. Bh4 e5 21. fxe5 dxe5
22. Nc2 Bc6 23. Nb4 Qb7 24. Rf1 b5 25. cxb5 Bxb5 26. Nxb5 axb5 27. Ref2 g5 28.
Bg3 Nc5 29. Rxf6 Bxf6 30. Rxf6 Nxe4 31. Bxe4 Qxe4 32. Rxh6 Qb1+ 33. Be1 Qc1 34.
Qe2 Rcd8 35. Rc6 Qf4 36. Nd3 Qf5 37. Nf2 e4 38. Ng4 Re6 39. Nh6+ Rxh6 40. Rxh6
e3 41. Qxe3 Kg7 42. Rh3 Re8 43. Qd4+ Kg6 44. Bf2 Re4 45. Qd3 1-0

[Event "9th Nana Aleksandria Cup"]
[Site "Poti GEO"]
[Date "2014.07.13"]
[Round "1.5"]
[White "Gavasheli, Ana"]
[Black "Andreev, Eduard UKR"]
[Result "1/2-1/2"]
[WhiteTitle "WIM"]
[BlackTitle "GM"]
[WhiteElo "2135"]
[BlackElo "2493"]
[WhiteFideId "13602586"]
[BlackFideId "14103400"]
[EventDate "2014.07.13"]

1. Nf3 c5 2. c4 Nc6 3. g3 g6 4. Bg2 Bg7 5. O-O e6 6. e3 Nge7 7. d4 cxd4 8. exd4
d5 9. cxd5 Nxd5 10. Nc3 Nde7 11. Be3 O-O 12. Qd2 Nf5 13. Rad1 Nxe3 14. fxe3 Bd7
15. e4 Qa5 16. d5 Ne5 17. Nxe5 Bxe5 18. Bh3 Qb6+ 19. Kh1 Rad8 20. Qg5 Bxc3 21.
bxc3 exd5 22. Bxd7 Rxd7 23. exd5 Qa5 24. Qd2 Rfd8 25. c4 Qc5 26. Qf4 b5 27. cxb5
Qxb5 28. d6 Qc6+ 29. Kg1 Re8 30. Rf2 Re4 31. Qf3 Rc4 32. Qxc6 Rxc6 33. Rfd2 f5
34. Kg2 Kf7 35. Kf3 Ke6 36. Re2+ Kf6 37. Red2 Rc3+ 38. Kg2 Rc4 39. h4 Ra4 40.
Re2 Ra6 41. Red2 h6 42. Kf2 Ra5 43. Kg2 Re5 44. Kf2 Kf7 45. Kf3 Ra5 46. Kf2 Ra3
47. Re1 Ra6 48. Red1 Rc6 49. Kg2 g5 50. hxg5 hxg5 51. Kf2 Ke6 1/2-1/2

[Event "9th Nana Aleksandria Cup"]
[Site "Poti GEO"]
[Date "2014.07.13"]
[Round "1.6"]
[White "Bajarani, Ulvi"]
[Black "Khazhomia, Salome"]
[Result "1/2-1/2"]
[WhiteTitle "GM"]
[BlackTitle "WFM"]
[WhiteElo "2486"]
[BlackElo "2128"]
[WhiteFideId "13403028"]
[BlackFideId "13603230"]
[EventDate "2014.07.13"]

1. e4 e6 2. d4 d5 3. Nd2 Nf6 4. e5 Nfd7 5. Bd3 c5 6. c3 Nc6 7. Ne2 cxd4 8. cxd4
Qb6 9. Nf3 Bb4+ 10. Bd2 f6 11. exf6 Nxf6 12. Bxb4 Qxb4+ 13. Qd2 Qxd2+ 14. Kxd2
O-O 15. h3 Bd7 16. Ke3 Nb4 17. Bb1 Rac8 18. Nc3 Ne4 19. a3 Nxc3 20. axb4 Na4 21.
Ne5 Bb5 22. Bd3 a6 23. b3 Nc3 24. Rhc1 Bxd3 25. Nxd3 Nb5 26. g4 g5 27. f3 Rce8
28. Ra2 Rf6 29. Ne5 Rf4 30. Rd2 Ref8 31. Rcc2 Kg7 32. Rd3 h5 33. gxh5 Kh6 34.
Rg2 Kxh5 35. Rg4 R8f5 36. Rxf4 Rxf4 37. Rd1 Nd6 38. Rc1 Nf5+ 39. Kf2 Nxd4 40.
Rc7 Kh6 41. Rxb7 Rf5 42. Ng4+ Kg6 43. Ke3 Rf4 44. Rb6 Kf5 45. Nh6+ Ke5 46. Ng4+
Kf5 47. Rxa6 Nxf3 48. Nh6+ Kf6 49. Ng4+ Kf5 50. Nh6+ Kf6 51. Ng4+ 1/2-1/2

[Event "9th Nana Aleksandria Cup"]
[Site "Poti GEO"]
[Date "2014.07.13"]
[Round "1.7"]
[White "Tutisani, Noe"]
[Black "Benidze, Davit"]
[Result "1-0"]
[BlackTitle "GM"]
[WhiteElo "2128"]
[BlackElo "2476"]
[WhiteFideId "13602853"]
[BlackFideId "13603086"]
[EventDate "2014.07.13"]

1. e4 d6 2. d4 g6 3. f4 Bg7 4. Nf3 c6 5. Bd3 Nf6 6. O-O O-O 7. e5 Nd5 8. Qe1 Bg4
9. c3 Nd7 10. Qh4 Bxf3 11. Rxf3 e6 12. Qxd8 Raxd8 13. Nd2 c5 14. Ne4 cxd4 15.
cxd4 dxe5 16. dxe5 f6 17. exf6 N5xf6 18. Ng5 Nc5 19. Bc4 Nd5 20. Rb1 Bf6 21. b4
Nc3 22. Rxc3 Rd1+ 23. Kf2 Bxc3 24. bxc5 Rxf4+ 25. Bxf4 Rxb1 26. Nxe6 Kf7 27. Bh6
Ke8 28. Kf3 Bf6 29. Be3 Rb2 30. h3 Be7 31. Bb3 Rb1 32. Ng5 h6 33. Ne4 g5 34.
Nd6+ Bxd6 35. cxd6 b6 36. Be6 Rd1 37. d7+ Ke7 38. Bg4 Rd5 39. Ke4 Ra5 40. Bd4
Ra4 1-0

[Event "9th Nana Aleksandria Cup"]
[Site "Poti GEO"]
[Date "2014.07.13"]
[Round "1.8"]
[White "Babujian, Levon"]
[Black "Gamzardia, Giorgi"]
[Result "1-0"]
[WhiteTitle "GM"]
[BlackTitle "FM"]
[WhiteElo "2469"]
[BlackElo "2122"]
[WhiteFideId "13301993"]
[BlackFideId "13603388"]
[EventDate "2014.07.13"]

1. d4 d6 2. e4 g6 3. Nc3 Bg7 4. Be3 e5 5. dxe5 dxe5 6. Qxd8+ Kxd8 7. O-O-O+ Nd7
8. Bc4 f6 9. f4 exf4 10. Bxf4 Bh6 11. Nge2 c6 12. Rhe1 Ke7 13. g3 Bxf4+ 14. gxf4
Nh6 15. Nd4 Nb6 16. Bb3 Bg4 17. Rd3 Nd7 18. Nf5+ gxf5 19. exf5+ Ne5 20. fxe5
Nxf5 21. exf6+ Kxf6 22. h3 Bh5 23. Ne4+ Kg6 24. Be6 Ng7 25. Rd6 Rad8 26. Bf7+
Kf5 27. Ng3+ Kg5 28. Rxd8 Rxd8 29. Nxh5 Nxh5 30. Re5+ 1-0

[Event "9th Nana Aleksandria Cup"]
[Site "Poti GEO"]
[Date "2014.07.13"]
[Round "1.9"]
[White "Patsia, Zviad"]
[Black "Javakhadze, Zurab"]
[Result "1/2-1/2"]
[BlackTitle "IM"]
[WhiteElo "2117"]
[BlackElo "2428"]
[WhiteFideId "13603485"]
[BlackFideId "13603647"]
[EventDate "2014.07.13"]

1. c4 e5 2. Nc3 Nc6 3. g3 Bc5 4. Bg2 Nge7 5. Na4 d6 6. Nxc5 dxc5 7. d3 O-O 8.
Nf3 f6 9. O-O Be6 10. Nd2 Qd7 11. Ne4 b6 12. Re1 Rad8 13. Bd2 h6 14. a3 a5 15.
Rb1 f5 16. Nc3 f4 17. Ne4 Bg4 18. b4 axb4 19. axb4 Nxb4 20. Bxb4 cxb4 21. Rxb4
Nc6 22. Rb5 Qc8 23. Nd2 Bd7 24. Bd5+ Kh8 25. Nf3 Ne7 26. Rb4 Nxd5 27. cxd5 Be8
28. Qb3 Bh5 29. Nxe5 fxg3 30. hxg3 Qf5 31. f4 Qh3 32. d4 Rxd5 33. Rf1 Rd6 34.
Qe3 1/2-1/2

[Event "9th Nana Aleksandria Cup"]
[Site "Poti GEO"]
[Date "2014.07.13"]
[Round "1.10"]
[White "Hayrapetyan, Hovik"]
[Black "Qalagashvili, Pridon"]
[Result "1-0"]
[WhiteTitle "GM"]
[WhiteElo "2422"]
[BlackElo "2117"]
[WhiteFideId "13302639"]
[BlackFideId "13601245"]
[EventDate "2014.07.13"]

1. d4 c5 2. d5 e5 3. e4 d6 4. c4 g6 5. Nc3 Bg7 6. g3 Nf6 7. Bg2 O-O 8. Nge2 Nbd7
9. O-O a6 10. f4 Re8 11. f5 gxf5 12. Rxf5 Nb6 13. Rf1 Nxc4 14. Qd3 Nb6 15. Bg5
Nbd7 16. Bh3 h6 17. Bh4 Qb6 18. Qf3 Kh8 19. Nd1 Ng8 20. Ne3 Qc7 21. Nf5 Nf8 22.
Nxg7 Kxg7 23. Bf6+ Kh7 24. Bxc8 Raxc8 25. Qh5 Ng6 26. g4 c4 27. Kh1 Qd7 28. Rf5
b5 29. Raf1 Rf8 30. R1f3 c3 31. bxc3 b4 32. Rh3 Nf4 33. Nxf4 exf4 34. g5 1-0

[Event "9th Nana Aleksandria Cup"]
[Site "Poti GEO"]
[Date "2014.07.13"]
[Round "1.11"]
[White "Barseghyan, Harutyun"]
[Black "Shahinyan, David"]
[Result "1/2-1/2"]
[BlackTitle "FM"]
[WhiteElo "2108"]
[BlackElo "2396"]
[WhiteFideId "13304585"]
[BlackFideId "13304380"]
[EventDate "2014.07.13"]

1. d4 d6 2. e4 Nf6 3. Nc3 e5 4. dxe5 dxe5 5. Qxd8+ Kxd8 6. Bc4 Be6 7. Bxe6 fxe6
8. f3 Bc5 9. Nh3 Nc6 10. Bd2 Ke7 11. Rf1 Rad8 12. Nf2 Bxf2+ 13. Rxf2 Nd4 14.
O-O-O h6 15. Ne2 c5 16. Be3 b6 17. c3 Nb5 18. Rxd8 Rxd8 19. Kc2 Nd6 20. h4 Rf8
21. Ng3 Nf7 22. h5 Rg8 23. Rf1 Nh8 24. Rh1 g6 25. hxg6 Nxg6 26. Ne2 h5 27. Bg5
Nf4 28. Bxf4 exf4 29. Nxf4 e5 30. Nd5+ Nxd5 31. exd5 Rxg2+ 32. Kb3 Rg5 33. c4
Kd6 34. Kc3 Rg3 35. Rxh5 Rxf3+ 36. Kd2 e4 37. b3 Rg3 38. Rf5 Rh3 39. Ke2 Rg3 40.
Kf2 Rc3 41. Rg5 1/2-1/2

[Event "9th Nana Aleksandria Cup"]
[Site "Poti GEO"]
[Date "2014.07.13"]
[Round "1.12"]
[White "Beradze, Irakli"]
[Black "Yaramis, Hakan"]
[Result "1/2-1/2"]
[WhiteElo "2379"]
[BlackElo "2102"]
[WhiteFideId "13604597"]
[BlackFideId "6304613"]
[EventDate "2014.07.13"]

1. e4 c5 2. Nf3 Nc6 3. Bb5 g6 4. O-O Bg7 5. Re1 Nf6 6. c3 O-O 7. h3 a6 8. Bf1 d6
9. d4 cxd4 10. cxd4 d5 11. e5 Ne4 12. Nbd2 Nxd2 13. Bxd2 Qb6 14. Bc3 f6 15. a4
fxe5 16. a5 Qc7 17. dxe5 e6 18. Rc1 Qe7 19. Qd2 Bd7 20. Nd4 Qh4 21. Nxc6 Bxc6
22. g3 Qh5 23. Bd4 Bh6 24. f4 Qf5 25. h4 Qg4 26. Qg2 Rac8 27. Be2 Qf5 28. Rc5
Bd7 29. Qf3 Rxc5 30. Bxc5 Rc8 31. Bd3 Qf7 32. Qe3 Bf8 33. Rc1 Bxc5 34. Rxc5 Qf8
35. Rxc8 Qxc8 36. Kf2 Bb5 37. Bxb5 axb5 38. Qb6 Qc2+ 39. Kg1 Qb1+ 40. Kh2 Qc2+
41. Kg1 1/2-1/2

[Event "9th Nana Aleksandria Cup"]
[Site "Poti GEO"]
[Date "2014.07.13"]
[Round "1.13"]
[White "Imnadze, Nato"]
[Black "Chighladze, Iveri"]
[Result "1/2-1/2"]
[WhiteTitle "WFM"]
[BlackTitle "IM"]
[WhiteElo "2101"]
[BlackElo "2357"]
[WhiteFideId "13600974"]
[BlackFideId "13602039"]
[EventDate "2014.07.13"]

1. e4 Nf6 2. e5 Nd5 3. d4 d6 4. c4 Nb6 5. exd6 cxd6 6. Nc3 g6 7. Be3 Bg7 8. Rc1
O-O 9. b3 Bf5 10. Nf3 d5 11. c5 Nc8 12. Be2 Nc6 13. O-O Bg4 14. h3 Bxf3 15. Bxf3
e6 16. b4 a6 17. Rb1 N8e7 18. b5 axb5 19. Nxb5 Nf5 20. Qd2 Qa5 21. Rb2 Qxd2 22.
Rxd2 Ra4 23. Rfd1 Rfa8 24. g4 Nxe3 25. fxe3 Rxa2 26. g5 h6 27. Rxa2 Rxa2 28. Nd6
Rb2 29. Ra1 hxg5 30. Ra8+ Bf8 31. Ne8 f5 32. Nc7 Kf7 33. Nxe6 Kxe6 34. Rxf8 f4
35. exf4 Nxd4 36. fxg5 Rc2 37. Bg4+ Ke5 38. Rf7 Rxc5 39. Rxb7 Kf4 40. Rb4 Rc4
41. Rb6 Kg3 42. Rb1 Rc3 43. Kf1 Nb3 44. Rd1 d4 45. Be2 Kf4 46. h4 Ke3 47. h5
gxh5 48. g6 Nd2+ 49. Ke1 Ne4 50. g7 Nf6 51. Bxh5 Rc7 52. Bg6 Re7 53. Kf1 1/2-1/2

[Event "9th Nana Aleksandria Cup"]
[Site "Poti GEO"]
[Date "2014.07.13"]
[Round "1.14"]
[White "Alaverdyan, Gevorg"]
[Black "Khomeriki, Nino"]
[Result "1-0"]
[WhiteTitle "FM"]
[BlackTitle "WFM"]
[WhiteElo "2355"]
[BlackElo "2101"]
[WhiteFideId "13303058"]
[BlackFideId "13603191"]
[EventDate "2014.07.13"]

1. Nf3 Nf6 2. g3 g6 3. d4 d6 4. Bg2 Bg7 5. O-O O-O 6. c4 Nbd7 7. Nc3 e5 8. h3
Re8 9. e4 exd4 10. Nxd4 Nc5 11. Re1 c6 12. Bf4 Nh5 13. Be3 Nf6 14. Qc2 Qe7 15.
Rad1 a5 16. Bf4 Nfd7 17. Ndb5 Ne5 18. Nxd6 Rd8 19. Nxc8 Raxc8 20. Bxe5 Bxe5 21.
Kh2 g5 22. Bf3 Ne6 23. Bg4 Qb4 24. Bxe6 fxe6 25. Qb3 Qc5 26. Kg2 Rf8 27. Re2 Bd4
28. Rdd2 Qe5 29. Nd1 Rc7 30. Qd3 c5 31. Nc3 Rd7 32. Qc2 h5 33. Nb5 g4 34. Nxd4
cxd4 35. Qa4 gxh3+ 36. Kxh3 Rg7 37. Qb5 Qf6 38. Rd3 e5 39. f4 Qe6+ 40. f5 Qf6
41. Rg2 Kh8 42. Rb3 Rfg8 43. Qb6 Rxg3+ 44. Rgxg3 Rxg3+ 45. Kxg3 Qg5+ 46. Kh2
Qh4+ 47. Kg2 Qxe4+ 48. Rf3 Qg4+ 49. Kf2 Qh4+ 50. Kf1 Qh1+ 51. Ke2 Qg2+ 52. Rf2
Qe4+ 53. Kd1 Qd3+ 54. Kc1 Qxc4+ 55. Kb1 Qd3+ 56. Rc2 Qxf5 57. b3 d3 58. Qh6+ Kg8
59. Rf2 1-0

[Event "9th Nana Aleksandria Cup"]
[Site "Poti GEO"]
[Date "2014.07.13"]
[Round "1.15"]
[White "Babayan, Armine"]
[Black "Mgeladze, Tamaz"]
[Result "0-1"]
[BlackTitle "FM"]
[WhiteElo "2098"]
[BlackElo "2325"]
[WhiteFideId "13304135"]
[BlackFideId "13601202"]
[EventDate "2014.07.13"]

1. e4 c5 2. Nf3 g6 3. d4 cxd4 4. Nxd4 Bg7 5. Nc3 Nc6 6. Be3 Nf6 7. f3 O-O 8. g4
Qb6 9. Ncb5 Qa5+ 10. c3 d6 11. h4 Ne5 12. Be2 Bd7 13. b4 Qd8 14. h5 Qc8 15. Qb3
a6 16. Na3 b5 17. hxg6 hxg6 18. O-O-O a5 19. Kb1 axb4 20. cxb4 Qb7 21. Rc1 Rfb8
22. Naxb5 Nxe4 23. Rc7 Qa6 24. fxe4 Bxb5 25. Bxb5 Rxb5 26. Nxb5 Qxb5 27. Bd4 Nf3
28. Be3 Qe5 29. Kc2 Qxe4+ 30. Kc1 Nd4 0-1

[Event "9th Nana Aleksandria Cup"]
[Site "Poti GEO"]
[Date "2014.07.13"]
[Round "1.16"]
[White "Sibashvili, Giorgi"]
[Black "Zeynalli, Rashad"]
[Result "1-0"]
[WhiteElo "2283"]
[BlackElo "2093"]
[WhiteFideId "13602799"]
[BlackFideId "13403320"]
[EventDate "2014.07.13"]

1. d4 Nf6 2. Nf3 g6 3. c4 Bg7 4. Nc3 O-O 5. e4 d6 6. h3 e5 7. d5 a5 8. Bg5 h6 9.
Be3 Na6 10. g4 Ne8 11. Rg1 Nc5 12. h4 Bd7 13. h5 g5 14. Nd2 c6 15. a3 cxd5 16.
Nxd5 a4 17. Bxc5 dxc5 18. Nb1 Bc6 19. Nbc3 Bxd5 20. exd5 Qa5 21. Qc2 e4 22. Rg3
Nd6 23. O-O-O Bxc3 24. Rxc3 Rfe8 25. Re3 Re7 26. Rde1 Rae8 27. f3 f5 28. gxf5
Nxf5 29. Rxe4 Qxe1+ 30. Rxe1 Rxe1+ 31. Kd2 Nd4 32. Qg6+ Kf8 33. Qxh6+ Kf7 34.
Qg6+ Kf8 35. Qh6+ Kf7 36. Qg6+ Kf8 37. Qf6+ Kg8 38. Qg6+ Kf8 39. Qf6+ Kg8 40.
Qxg5+ Kh8 41. Qh6+ Kg8 42. Qg6+ Kh8 43. b4 axb3 44. Bd3 R8e2+ 45. Bxe2 Rxe2+ 46.
Kc3 Re3+ 47. Kd2 Re2+ 48. Kd3 b2 49. Qf6+ Kg8 50. Qd8+ Kf7 51. Qc7+ Kf8 52. Qxb7
Rf2 53. Ke4 Nxf3 54. Ke3 Nd2 55. Kxf2 b1=Q 56. Qxb1 Nxb1 57. a4 Nd2 58. a5 Nxc4
59. a6 Nb6 60. a7 Kf7 61. d6 1-0

[Event "9th Nana Aleksandria Cup"]
[Site "Poti GEO"]
[Date "2014.07.13"]
[Round "1.18"]
[White "Gholami, Aryan"]
[Black "Shamatava, Ana"]
[Result "1-0"]
[WhiteTitle "FM"]
[WhiteElo "2265"]
[BlackElo "2087"]
[WhiteFideId "12513342"]
[BlackFideId "13601008"]
[EventDate "2014.07.13"]

1. d4 Nf6 2. Nf3 e6 3. Bf4 d5 4. e3 Bd6 5. Bg3 O-O 6. Nbd2 c5 7. c3 Nc6 8. Bd3
b6 9. Ne5 Bb7 10. O-O Ne7 11. Bh4 Ne4 12. Qc2 Nxd2 13. Qxd2 f6 14. Nf3 Nf5 15.
Bxf5 exf5 16. Bg3 Be7 17. dxc5 bxc5 18. Rfd1 Qb6 19. Qc2 Qe6 20. Qd3 Rfd8 21. b4
d4 22. exd4 cxb4 23. c4 Be4 24. Qb3 a5 25. d5 a4 26. Qe3 Qf7 27. Nd2 g5 28. Nxe4
fxe4 29. Bc7 Rd7 30. d6 Qxc4 31. Rac1 Qxa2 32. Qxe4 Re8 33. Qg4 Rdd8 34. Bxd8
Bxd8 35. d7 Re2 36. Rc8 Qd2 37. Rxd8+ Kg7 38. Qxe2 1-0

[Event "9th Nana Aleksandria Cup"]
[Site "Poti GEO"]
[Date "2014.07.13"]
[Round "1.19"]
[White "Malkawi, Fadi"]
[Black "Lorparizangeneh, Shahin"]
[Result "0-1"]
[WhiteTitle "FM"]
[BlackTitle "FM"]
[WhiteElo "2083"]
[BlackElo "2259"]
[WhiteFideId "8100420"]
[BlackFideId "12521604"]
[EventDate "2014.07.13"]

1. e4 e5 2. Bc4 Nf6 3. Qe2 Nc6 4. c3 Bc5 5. Nf3 O-O 6. O-O d5 7. exd5 Nxd5 8. d4
exd4 9. cxd4 Nxd4 10. Nxd4 Bxd4 11. Rd1 c5 12. Nc3 Nf6 13. h3 Re8 14. Qf3 Qb6
15. Nb5 Be6 16. Qb3 Be5 17. Bxe6 Rxe6 18. Qc4 Qc6 19. Be3 b6 20. Rd2 Ne4 21. Rc2
a6 22. Na3 Rg6 23. Qf1 Bc7 24. Rd1 Re8 25. Nc4 Qe6 26. Kh1 h6 27. Bc1 Rf6 28.
Kg1 Ng3 29. fxg3 Rxf1+ 30. Rxf1 Bxg3 31. Rc3 Bc7 32. Re3 Qd7 33. Ref3 Re2 34.
Ne3 Qd6 35. Ng4 h5 36. Bf4 Qd4+ 37. Kh1 hxg4 0-1

[Event "9th Nana Aleksandria Cup"]
[Site "Poti GEO"]
[Date "2014.07.13"]
[Round "1.20"]
[White "Dilanyan, Grigor"]
[Black "Metin, Oguz"]
[Result "1-0"]
[WhiteTitle "FM"]
[WhiteElo "2250"]
[BlackElo "2074"]
[WhiteFideId "13303570"]
[BlackFideId "6307850"]
[EventDate "2014.07.13"]

1. d4 Nf6 2. Nf3 e6 3. g3 b6 4. Bg2 Bb7 5. O-O Be7 6. Nbd2 O-O 7. Re1 c5 8. e4
d6 9. e5 Ne8 10. exd6 Nxd6 11. dxc5 bxc5 12. Nb3 Qb6 13. Bf4 Rd8 14. Qe2 Nc6 15.
Ng5 c4 16. Be3 Qb5 17. Nc5 Bxg5 18. a4 Qb6 19. Nxb7 Qxb7 20. Bxg5 Rdc8 21. Rad1
Nf5 22. Qxc4 h6 23. Bf4 Qxb2 24. Bxc6 Qb6 25. a5 Qxc6 26. Rd8+ Kh7 27. Qxc6 1-0

[Event "9th Nana Aleksandria Cup"]
[Site "Poti GEO"]
[Date "2014.07.14"]
[Round "2.1"]
[White "Dilanyan, Grigor"]
[Black "Golod, Vitali"]
[Result "1/2-1/2"]
[WhiteTitle "FM"]
[BlackTitle "GM"]
[WhiteElo "2250"]
[BlackElo "2565"]
[WhiteFideId "13303570"]
[BlackFideId "2804140"]
[EventDate "2014.07.13"]

1. d4 d5 2. c4 e6 3. Nf3 Nf6 4. g3 Bb4+ 5. Bd2 Bd6 6. Bg2 c6 7. O-O Nbd7 8. Qc2
O-O 9. Bf4 Bxf4 10. gxf4 b6 11. Ne5 Bb7 12. Nc3 Rc8 13. Rad1 Qc7 14. e3 Rfd8 15.
Rd2 dxc4 16. Nxc4 Ba6 17. Qa4 Nb8 18. Qb3 b5 19. Ne5 b4 20. Ne2 c5 21. Rc1 Qe7
22. Nd3 cxd4 23. Rxc8 Rxc8 24. Nxd4 h6 25. Bf3 Bxd3 26. Qxd3 e5 27. fxe5 Qxe5
28. Rc2 Rxc2 29. Qxc2 g6 30. Qc8+ Kg7 31. Qb7 a5 32. a3 bxa3 33. bxa3 Nbd7 34.
a4 Nc5 35. Qb5 Qg5+ 36. Kf1 Nce4 37. Qxg5 hxg5 38. Nb3 g4 39. Bg2 Nc3 40. Bc6
Nfe4 41. Kg1 f5 42. h3 gxh3 43. f3 Ng5 44. Nxa5 Nxf3+ 45. Bxf3 Nxa4 46. Kh2 g5
47. Bc6 Nb2 48. Kxh3 Kf6 49. Kg2 f4 50. e4 g4 51. Bd7 Ke5 52. Bf5 Nd3 53. Nc6+
Kd6 1/2-1/2

[Event "9th Nana Aleksandria Cup"]
[Site "Poti GEO"]
[Date "2014.07.14"]
[Round "2.2"]
[White "Hayrapetyan, Artavazd R."]
[Black "Quparadze, Giga"]
[Result "1-0"]
[BlackTitle "IM"]
[WhiteElo "2249"]
[BlackElo "2504"]
[WhiteFideId "13304240"]
[BlackFideId "13602250"]
[EventDate "2014.07.13"]

1. Nf3 Nf6 2. g3 b6 3. Bg2 Bb7 4. O-O c5 5. c4 g6 6. d4 cxd4 7. Qxd4 Bg7 8. Nc3
d6 9. Bd2 Nbd7 10. Rac1 O-O 11. Qh4 Rc8 12. b3 Rc5 13. g4 Qa8 14. Rfd1 Ne5 15.
Nxe5 Rxe5 16. f3 Re8 17. e4 Rc5 18. Be3 Rcc8 19. Bd4 Nd7 20. Bxg7 Kxg7 21. g5
Nf8 22. Qh6+ Kg8 23. f4 Ne6 24. Rf1 Kh8 25. f5 Ng7 26. fxg6 fxg6 27. Rf7 Rg8 28.
Rcf1 Rcf8 29. Qxg7+ 1-0

[Event "9th Nana Aleksandria Cup"]
[Site "Poti GEO"]
[Date "2014.07.14"]
[Round "2.3"]
[White "Matevosyan, Sedrak"]
[Black "Babujian, Levon"]
[Result "0-1"]
[BlackTitle "GM"]
[WhiteElo "2215"]
[BlackElo "2469"]
[WhiteFideId "13302035"]
[BlackFideId "13301993"]
[EventDate "2014.07.13"]

1. c4 e5 2. Nc3 Nf6 3. Nf3 Nc6 4. g3 Bb4 5. Bg2 O-O 6. O-O e4 7. Ng5 Bxc3 8.
bxc3 Re8 9. f3 e3 10. d3 d5 11. Qb3 Na5 12. Qa3 c6 13. cxd5 cxd5 14. f4 Nc6 15.
Rb1 Bg4 16. Rxb7 Bxe2 17. Re1 Qc8 18. Qb2 Bxd3 19. Nxf7 Na5 20. Nd6 Qc5 21. Nxe8
Rxe8 22. Rb8 e2+ 23. Kh1 Qf2 24. Rxe8+ Nxe8 25. Rxe2 Bxe2 26. Qd2 Kh8 27. h3 Nf6
28. Qb2 Nc6 29. Qb7 Bf3 30. Qa8+ Ng8 31. Bxf3 Qxf3+ 32. Kh2 Qe2+ 33. Kg1 Qd1+
34. Kg2 Qc2+ 0-1

[Event "9th Nana Aleksandria Cup"]
[Site "Poti GEO"]
[Date "2014.07.14"]
[Round "2.4"]
[White "Keleptrishvili, Irakli"]
[Black "Hayrapetyan, Hovik"]
[Result "0-1"]
[BlackTitle "GM"]
[WhiteElo "2056"]
[BlackElo "2422"]
[WhiteFideId "13605801"]
[BlackFideId "13302639"]
[EventDate "2014.07.13"]

1. e4 c5 2. Nf3 e6 3. d4 cxd4 4. Nxd4 a6 5. Bd3 Nc6 6. Nxc6 dxc6 7. Nd2 Qc7 8.
Nc4 b5 9. Ne3 c5 10. a4 c4 11. Be2 Bb7 12. axb5 Rd8 13. Bd2 axb5 14. O-O Bd6 15.
Ba5 Bxh2+ 16. Kh1 Rxd1 17. Bxc7 Rxf1+ 18. Bxf1 Bxc7 19. Ra7 Kd7 20. Rxb7 Kc6 21.
Ra7 Nf6 22. e5 Nd7 23. b3 Bb6 24. Ra2 Bxe3 25. fxe3 Nxe5 26. bxc4 bxc4 27. Be2
Rb8 28. Kg1 Kc5 29. Kf2 g6 30. g3 h5 31. Bf1 Rb1 32. Ra5+ Rb5 33. Ra2 Ng4+ 34.
Kf3 Kb6 35. Ke4 Re5+ 36. Kd4 Rd5+ 37. Ke4 g5 38. Bxc4 f5+ 0-1